Buslinie 90 - Leipzig - Statistiken

Allgemein
  • Dieses Quiz wurde 9 mal gespielt
  • Das Durchschnittsergebnis liegt bei 26 aus 47
Antwortstatistiken
Antwort Übergang % Korrekt
Möckern, Slevogtstraße
100%
S-Bf Möckern S1, 10, 11
100%
S-Bf Wahren S3, 87, 88, 91
100%
Wahren 10, 11, 80, 87, 88, 91,
100%
Löbauer Straße 1, 70, 77
88%
Paunsdorf, Straßenbahnhof 7, 8, 72
88%
Rackwitzer Straße
88%
S-Bf Leipzig Nord S2, S4, S6
88%
Sommerfeld 3E, 7, 72, 73
88%
Stannebeinplatz 1, 70, 77
88%
Eutritzscher Zentrum 16
75%
Fliederhof 77
75%
Lindenthal, An der Windmühle 87, 88
75%
Lindenthal, Gemeindeamt
75%
Paunsdorf Center 3E, 7
75%
Permoser-/Torgauer Straße 3, 77
75%
S-Bf Coppiplatz S1, 4, 85
75%
Theodor-Heuss-Straße 7, 8, 79
75%
Barbarastraße 7, 8
63%
Georg-Schumann-/Lindenthaler Straße 4, 10, 11, 85
63%
Mariannenpark 77
63%
Schongauerstraße 72
63%
Stöckelstraße 1, 70
63%
Theresienstraße
63%
Virchow-/Coppistraße 12, 85
63%
Hartzstraße
50%
Kleiststraße
50%
Schönefelder Straße
50%
Volksgartenstraße 70, 77
50%
Wiederitzscher Straße 10, 11
50%
Faradaystraße
38%
Fritz-Siemon-Straße 77
38%
Leonhard-Frank-Straße 77
38%
S-Bf Slevogtstraße 80
38%
Weinbrennerstraße
38%
An der Schule 87, 88
25%
Michael-Kazmierczak-Straße 85
25%
Sternsiedlung Nord 80
25%
Elisabeth-Schumacher-Straße
13%
Erika-von-Brockdorff-Straße
13%
Güterbahnhofstraße 72
13%
Rudolf-Breitscheid-Straße
13%
Seelenbinderstraße
13%
Sophienstraße
13%
Wilhelmstraße 88
13%
Zur Lindenhöhe 87, 88
13%
Wilhelm-Pfennig-Straße
0%
Keine übereinstimmenden Quizze gefunden
Verteilung der Resultate
Anzahl Personen mit jedem Resultat
Perzentil nach korrekt beantworteten Fragen
Ihre Resultats-Entwicklung
Sie haben dieses Quiz noch nicht gespielt